[Event "IRI-ch Online"]
[Site "Chess.com INT"]
[Date "2021.03.17"]
[Round "8"]
[White "Khalili, Asef"]
[Black "Rahbari, Nima"]
[Result "1-0"]
[WhiteElo "1873"]
[BlackElo "1296"]
[PlyCount "113"]
[EventDate "2021.03.15"]
[EventType "swiss (rapid)"]
[EventRounds "11"]
[EventCountry "IRI"]
[SourceTitle "CBM 201 Extra"]
[Source "ChessBase"]
[SourceDate "2021.05.31"]
[SourceVersion "1"]
[SourceVersionDate "2021.05.31"]
[SourceQuality "1"]

1. e4 b6 2. d4 Bb7 3. Bd3 e6 4. Nf3 Nf6 5. Qe2 Be7 6. 0-0 0-0 7. Bg5 d6 8. Nc3 Nbd7 9. Rad1 Qe8 10. Rfe1 e5 11. dxe5 Nxe5 12. Nxe5 dxe5 13. Bb5 c6 14. Ba6 Qc8 15. Bxb7 Qxb7 16. Rd3 Ne8 17. Qg4 Nf6 18. Bxf6 Bxf6 19. Rd7 Qc8 20. Red1 Rd8 21. Qf5 Rxd7 22. Qxd7 Kf8 23. Qd6+ Ke8 24. a4 a6 25. Ne2 b5 26. Ng3 bxa4 27. Nh5 Ra7 28. Nxf6+ gxf6 29. Qxf6 Rd7 30. Qxe5+ Kd8 31. Qh8+ Kc7 32. Qxc8+ Kxc8 33. Rxd7 Kxd7 34. Kf1 Kd6 35. Ke2 f6 36. Kd3 Kc5 37. g4 a5 38. h4 Kb4 39. g5 fxg5 40. hxg5 Kc5 41. f4 Kd6 42. Kd4 c5+ 43. Kc4 Kc6 44. e5 a3 45. bxa3 a4 46. f5 h5 47. gxh6 Kb6 48. h7 Kc6 49. h8Q Kb6 50. Qb8+ Kc6 51. Qd6+ Kb7 52. Kxc5 Ka8 53. f6 Kb7 54. f7 Ka7 55. f8Q Kb7 56. Qfe7+ Kc8 57. Qdd8# 1-0

[Event "Rasht Khazar op 18th"]
[Site "Rasht"]
[Date "2020.02.13"]
[Round "1"]
[White "Pourramezanali, Amirreza"]
[Black "Khalili, Asef"]
[Result "1-0"]
[WhiteElo "2497"]
[BlackElo "1870"]
[PlyCount "49"]
[EventDate "2020.02.13"]
[EventType "swiss"]
[EventRounds "9"]
[EventCountry "IRI"]
[SourceTitle "CBM 195 Extra"]
[Source "ChessBase"]
[SourceDate "2020.05.31"]
[SourceVersion "1"]
[SourceVersionDate "2020.05.31"]
[SourceQuality "1"]

1. e4 c6 2. Nf3 d5 3. Nc3 Bg4 4. h3 Bxf3 5. Qxf3 e6 6. g3 Nf6 7. Bg2 dxe4 8. Nxe4 Nxe4 9. Qxe4 Qd5 10. 0-0 Qxe4 11. Bxe4 Nd7 12. b4 Nf6 13. Bg2 Nd5 14. Rb1 b5 15. d3 0-0-0 16. Bd2 Kc7 17. c4 Nf6 18. Rfd1 Bd6 19. Rbc1 Kd7 20. cxb5 cxb5 21. Bc6+ Ke7 22. Bxb5 Rb8 23. Ba4 Bxb4 24. Rc7+ Kd6 25. Rxf7 1-0

[Event "Asia zt 3.1"]
[Site "Tehran"]
[Date "2017.07.07"]
[Round "9"]
[White "Khalili, Asef"]
[Black "Daneshvar, Bardiya"]
[Result "1-0"]
[WhiteElo "1893"]
[BlackElo "2140"]
[PlyCount "75"]
[EventDate "2017.06.30"]
[EventType "swiss"]
[EventRounds "9"]
[EventCountry "IRI"]
[SourceTitle "CBM 179 Extra"]
[Source "ChessBase"]
[SourceDate "2017.08.23"]
[SourceVersion "1"]
[SourceVersionDate "2017.08.23"]
[SourceQuality "1"]

1. e4 c6 2. d4 d5 3. Nd2 dxe4 4. Nxe4 Bf5 5. Ng3 Bg6 6. h4 h6 7. N1e2 Nf6 8. Nf4 Bh7 9. Bc4 e6 10. 0-0 Bd6 11. c3 0-0 12. Re1 Re8 13. Bd3 Nbd7 14. Bxh7+ Kxh7 15. Nfh5 Kg8 16. Qf3 Bxg3 17. fxg3 Nxh5 18. Qxh5 Nf6 19. Qf3 Nd5 20. Rf1 f5 21. Bf4 Nf6 22. Rae1 Ne4 23. Bxh6 Qd5 24. Bf4 Qxa2 25. Be5 Qd5 26. Qf4 Rf8 27. g4 Qd8 28. g5 Qe8 29. Bd6 Rf7 30. Be5 Rd7 31. g4 Rf7 32. g6 Rf8 33. h5 Rd8 34. Re2 Qe7 35. h6 Ng5 36. Rh2 fxg4 37. hxg7 Qxg7 38. Qxg5 1-0

[Event "Arak op 15th"]
[Site "Arak"]
[Date "2016.08.11"]
[Round "1.3"]
[White "Khalili, Asef"]
[Black "Soozankar, Amir Mohammad"]
[Result "0-1"]
[WhiteElo "1677"]
[BlackElo "2334"]
[PlyCount "52"]
[EventDate "2016.08.11"]
[EventType "swiss"]
[EventRounds "11"]
[EventCountry "IRI"]
[SourceTitle "CBM 173 Extra"]
[Source "ChessBase"]
[SourceDate "2016.08.29"]
[SourceVersion "1"]
[SourceVersionDate "2016.08.29"]
[SourceQuality "1"]

1. e4 c5 2. d4 cxd4 3. c3 Nf6 4. e5 Nd5 5. cxd4 Nc6 6. Nf3 d6 7. Nc3 dxe5 8. Nxe5 Nxc3 9. bxc3 Nxe5 10. dxe5 Qxd1+ 11. Kxd1 Bd7 12. Bd3 0-0-0 13. Ke2 Bc6 14. f3 Rd5 15. Bf4 g5 16. Bg3 Bg7 17. Bc4 Bb5 18. Bxb5 Rxb5 19. Rad1 Bxe5 20. Bxe5 Rxe5+ 21. Kf2 Ra5 22. Rd2 Rd8 23. Rhd1 Rxd2+ 24. Rxd2 Ra3 25. Rc2 Kd7 26. Kg3 f5 0-1